000 00652nam a2200205Ia 4500
005 20260429111925.0
008 260429s9999||||xx |||||||||||||| ||und||
020 _a9788119139422
041 _aEnglish
082 _a954
_bSEW
100 _aSewell, Robert
245 0 _aAnalytical history of India :
_bfrom the earliest times to the abolition of the honourable east India company in 1858 /
_cRobert Sewell
250 _a1st ed.
260 _aNew Delhi :
_bManohar Publishers and Distributors,
_c2023.
300 _axxviii, 334 p.; hb
650 _a Colonial history
650 _a East India Company
650 _aIndia-History
942 _cTB
999 _c51449
_d51449